000 00575cam a22002053a 4500
001 43526
003 PGUSA
005 20140828084005.0
008 130821s2013||||xxu|||||s|||||000 | eng d
040 _aPGUSA
_beng
042 _adc
100 1 _aWroth, Warwick
245 1 0 _aCremorne and the Later London Gardens
_h[electronic resource] /
_cWarwick Wroth
260 _bProject Gutenberg,
_c2013
506 _aPublic domain in the USA.
516 _aElectronic text
830 0 _aProject Gutenberg
_v43526
856 4 0 _uhttp://www.gutenberg.org/ebooks/43526
942 _cEB
999 _c272777
_d272777